| 000 | 00744nam a22001695i 4500 | ||
|---|---|---|---|
| 001 | 158949 | ||
| 003 | ES-MaACL | ||
| 005 | 20230906211404.0 | ||
| 008 | 040906s1883 sp |||| | spa d | ||
| 040 |
_aCAM _bspa _cCAM |
||
| 100 | 1 |
_aMartínez de Anguiano, Pedro. _977975 |
|
| 245 | 1 | 0 |
_aMonografía de la caquexia acuosa ó comália en los animales domésticos / _cpor Pedro Martínez de Anguiano. |
| 260 |
_aZaragoza : _b[s.n.], _c1883 ( _fEstablecimiento tipográfico de Mariano Salas) |
||
| 300 |
_a50, [2] p. ; _c21 cm. |
||
| 650 | 0 | 4 |
_aAnimales domésticos- _xEnfermedades. _9135566 |
| 852 |
_aES-MaACL _jT-680-F-7 _z-- Enc. hol., conservando la cub. original _z-- An. ms.: ded. del autor a Manuel Saenz Diez _z-- Enc. en un vol. facticio |
||
| 999 |
_c158949 _d158949 |
||